Les plus grande victoires militaires françaises. - Statistiques

Statistiques générales
  • Ce quiz a été pris 422 fois
    352 depuis la dernière actualisation
  • Le résultat moyen est 8 sur 20
Statistiques - réponses
Conflit Ennemi(s) Date Bataille % Correct
Première Guerre mondiale Allemagne 1916 Bataille de Verdun
92%
Campagne d'Allemagne Autriche, Russie 1805 Bataille d'Austerlitz
83%
Invasions musulmanes Califat omeyyade 732 Bataille de Poitiers
78%
Cinquième guerre d'Italie Duché de Milan 1515 Bataille de Marignan
72%
Première Guerre mondiale Allemagne 1914 Bataille de la Marne
66%
Guerre de la Première Coalition Saint-Empire, Prusse 1792 Bataille de Valmy
49%
Guerre de Crimée Russie 1855 Siège de Sébastopol
49%
Guerre de 1213-1214 Angleterre, Saint-Empire 1214 Bataille de Bouvines
47%
Guerre de Cent Ans Angleterre 1429 Siège d'Orléans
47%
Campagne d'Allemagne et d'Autriche Autriche 1809 Bataille de Wagram
37%
Seconde Guerre mondiale Allemagne 1942 Bataille de Bir-Hakeim
31%
Rébellions huguenotes Angleterre, Huguenots révoltés 1628 Siège de La Rochelle
31%
Campagne d'Italie Autriche 1859 Bataille de Solférino
26%
Campagnes de Clovis Ier Alamans 496 Bataille de Tolbiac
24%
Guerre franco-espagnole Espagne 1643 Bataille de Rocroi
18%
Guerre de Cent Ans Angleterre 1429 Bataille de Patay
17%
Guerre d'indépendance des États-Unis Angleterre 1781 Bataille de Yorktown
15%
Guerre de Succession d'Autriche Angleterre,Autriche,Provinces-Unies 1745 Bataille de Fontenoy
14%
Deuxième guerre du Shaba Rebelles katangais 1978 Bataille de Kolwezi
11%
Seconde Guerre mondiale Allemagne 1940 Bataille de Narvik
7%
Aucun quiz correspondant
Distribution des résultats
% des personnes avec chaque résultat
Percentile par nombre de réponses
Votre historique - résultats
Vous n’avez pas pris ce quiz depuis la dernière actualisation